000 01116pam a2200301 i 4500
999 _c6657
_d6657
001 883419
003 OSt
005 20200224101226.0
008 800917s1981 enka 001 0 eng
010 _a 80040925
015 _aGB81
020 _a0521236827
020 _a0521281504 (pbk.)
040 _aDLC
_cDLC
_dDLC
082 0 0 _a541.2
_219
_bKEN 1981
100 1 _aDenbigh, Kenneth George.
_913700
245 1 4 _aThe principles of chemical equilibrium :
_bwith applications in chemistry and chemical engineering /
_cby Kenneth Denbigh.
250 _a4th ed.
260 _aCambridge [Eng.] ;
_aNew York :
_bCambridge University Press,
_c1981.
300 _axxi, 494 p. :
_bill. ;
_c23 cm.
500 _aIncludes index.
650 0 _aChemical equilibrium.
_913701
856 4 1 _3Sample text
_uhttp://www.loc.gov/catdir/samples/cam031/80040925.html
856 4 2 _3Publisher description
_uhttp://www.loc.gov/catdir/description/cam022/80040925.html
856 4 1 _3Table of contents
_uhttp://www.loc.gov/catdir/toc/cam028/80040925.html
906 _a7
_bcbc
_corignew
_du
_eocip
_f19
_gy-gencatlg
942 _2ddc
_cO_SHELF